00610nam a2200217Ia 4500003000400000005001700004008004100021020001800062040001800080041000800098082002000106100002000126245005600146250001500202260005200217300001900269650002600288650002600314650002700340650002500367OSt20220121153247.0210716s2013 xx 000 0 und d a9789352625925 cAIMIT LIBRARY aeng a001.4223bSACJ aSachdeva, J. K. aBusiness research methodology /cby J. K. Sachdeva. a[3rd. ed.] aNew Delhi :bHimalaya Publishing House ,c2018. a508p. ; 28 cm. aResearch Methodology. aQualitative Research. aQuantitative Analysis. aSampling Techniques.